It looks like you're offline.
Open Library logo
additional options menu

MARC record from Internet Archive

LEADER: 01157cam 2200289Ia 4500
001 5490447
005 20080229130722.0
008 921028s1919 nyu c 000 0 eng d
035 $a(OCoLC)26878106
035 $a5490447
040 $aRRR$cRRR$dHLS$dOCLCQ$dNIC
049 $aCOOO
245 04 $aThe 1918 rotary exhibition of the American Water Color Society and a group of oils by Andrew T. Schwartz :$bthe Memorial Art Gallery, Rochester, New York, January, nineteen hundred nineteen.
260 $a[Rochester, N.Y :$bThe Gallery,$c1919]
300 $a8 p. ;$c21 cm.
610 20 $aAmerican Water Color Society$vExhibitions.
650 0 $aWatercolor painting, American$y20th century$vExhibitions.
600 10 $aSchwartz, Andrew T.$vExhibitions.
700 1 $aSchwartz, Andrew T.
710 2 $aAmerican Watercolor Society.
710 2 $aUniversity of Rochester.$bMemorial Art Gallery.
740 01 $aNineteen-eighteen rotary exhibition of the American Water Color Society.
903 $aKirtas/Annex$d20080229$p31924100356355
948 0 $a20050427$bi$ddaf10$ects$hgift
948 1 $a20050428$bc$dcgl2$ects$f?
994 $aX0$bCOO
995 $aHivolm$d20070424